000 00588nam a22002177a 4500
003 OSt
005 20250621180610.0
008 20250621175720.0
020 _a9781854318800
040 _cDLC
050 _aKZ1242
_b.5.D59 2000
100 _aDixon, Martin
245 _aCases and Materials on International Law
250 _a3rd Edition
260 _aLondon ;
_bBlackstone Press Ltd. ;
_cc2000
300 _axxxvi, 653 pages
490 _3International Law
500 _aIncludes Table of Other Documents, Index, Table of Cases
700 _aRobert McCorquodale
942 _2lcc
_cBK
_n0
999 _c6616
_d6616